Album rap fr - Statistiques

Statistiques générales
  • Ce quiz a été pris 144 fois
  • Le résultat moyen est 5 sur 20
Statistiques - réponses
Hint Réponse % Correct
ocho SDM
80%
Comme prevu Ninho
78%
Melo Tiakola
75%
Rien 100 rien Jul
69%
Nqnt 33 Vald
59%
Ombre est lumiere IAM
25%
Il le fallait Favé
19%
Toxic Kaza
15%
Famous Lefa
14%
Movie tape Ashe 22
13%
Integral nahir
10%
Sur ecoute Fresh la Douille
7%
Tactique palestinienne Roi heenok
7%
Psychanalyse Soprano
5%
Heptagone ATK
3%
Vox cordis D.ace
3%
Nos reves L’allemand
3%
L’oreille de l’equilibre Despo rutti
1%
Neuf vies Jango jack
1%
Everlord Lord kossity
1%
Aucun quiz correspondant
Distribution des résultats
% des personnes avec chaque résultat
Percentile par nombre de réponses
Votre historique - résultats
Vous n’avez pas pris ce quiz